Southville International School and Colleges
Your cart is empty.
  • Cart
  • Lists
    Public lists Eva Luna New books Lux_list list_1
    Your lists Log in to create your own lists
  • Log in to your account
  • Your cookies
  • Search history
Southville International School and Colleges
  • Advanced search
  • Recent comments
  • Most popular
  • Libraries

Log in to your account

Log in with GOOGLE


If you do not have an external account, but do have a local account, you can still log in:

  1. Home
  2. MARC view: The world almanac and book of facts, 2013 /
Normal view MARC view ISBD view

The world almanac and book of facts, 2013 / (Record no. 115495)

[ view plain ]
MARC details
000 -LEADER
fixed length control field 00601nam a22002057a 4500
003 - CONTROL NUMBER IDENTIFIER
control field OSt
005 - DATE AND TIME OF LATEST TRANSACTION
control field 20140425112426.0
008 - FIXED-LENGTH DATA ELEMENTS--GENERAL INFORMATION
fixed length control field 140425b xxu||||| |||| 00| 0 eng d
020 ## - INTERNATIONAL STANDARD BOOK NUMBER
International Standard Book Number 9781600571626
050 ## - LIBRARY OF CONGRESS CALL NUMBER
Classification number AY 67.Njw72
Item number .J35 2013
100 ## - MAIN ENTRY--PERSONAL NAME
Personal name Janssen, Sarah
245 ## - TITLE STATEMENT
Title The world almanac and book of facts, 2013 /
Statement of responsibility, etc Sarah Janssen
260 ## - PUBLICATION, DISTRIBUTION, ETC. (IMPRINT)
Place of publication, distribution, etc USA :
Name of publisher, distributor, etc World Almanac Books,
Date of publication, distribution, etc 2013.
300 ## - PHYSICAL DESCRIPTION
Extent 1007 p. :
Other physical details ill. (some col. ) ;
Dimensions 21 cm.
650 ## - SUBJECT ADDED ENTRY--TOPICAL TERM
Topical term or geographic name as entry element Statistics
Form subdivision Periodicals
650 ## - SUBJECT ADDED ENTRY--TOPICAL TERM
Topical term or geographic name as entry element United States
Form subdivision Statistics.
650 ## - SUBJECT ADDED ENTRY--TOPICAL TERM
Topical term or geographic name as entry element Almanacs, American.
942 ## - ADDED ENTRY ELEMENTS (KOHA)
Source of classification or shelving scheme Library of Congress Classification
Koha item type Books
Holdings
Withdrawn status Lost status Source of classification or shelving scheme Damaged status Home library Current library Shelving location Date acquired Sub Shelving location Total Checkouts Full call number Barcode Date last seen Copy number Price effective from Koha item type
    Library of Congress Classification   Luxembourg Library Luxembourg Library Reference Section 04/25/2014     AY 67.Njw72 .J35 2013 19596 04/04/2016 1 04/25/2014 Books

The world almanac and book of facts, 2013 /

APA

Janssen S., . (2013). The world almanac and book of facts, 2013. USA: World Almanac Books.

Chicago

Janssen Sarah, . 2013. The world almanac and book of facts, 2013. USA: World Almanac Books.

Harvard

Janssen S., . (2013). The world almanac and book of facts, 2013. USA: World Almanac Books.

MLA

Janssen Sarah, . The world almanac and book of facts, 2013. USA: World Almanac Books. 2013.

  • Place hold
  • Print
  • Cite
  • Add to your cart (remove)
  • Save record
    BIBTEX Dublin Core MARCXML MARC (non-Unicode/MARC-8) MARC (Unicode/UTF-8) MARC (Unicode/UTF-8, Standard) MODS (XML) RIS
  • More searches
    Search for this title in:
    Other Libraries (WorldCat) Other Databases (Google Scholar) Online Stores (Bookfinder.com) Open Library (openlibrary.org)

Exporting to Dublin Core...

SOUTHVILLE LIBRARY

Southville International School and Colleges Library

1281 Tropical Ave. Cor. Luxembourg St., BF Homes International, Las Pinas City

Tel. No. 8256374 / 252358 Loc. 117/146

Powered by Koha